000
00252nam a2200109Ia 4500
008
220204s9999 xx 000 0 und d
082
_a
82-7
_b
MAL
100
_a
Mali
245
0
_a
Fables of fun and fancy
260
_a
Bombay
_b
Subhash
_c
1972
942
_c
BK
999
_c
37480
_d
37480